000 01230nam0a22003011 4500
001 rc\4324159
005 20250612050427.0
021 _aRU
_b[63-32758]
035 _a(NLR Aleph) 008514043
090 _a8187009
_c8187009
100 _a20130416d1963 |||y0rusy50 ca
101 0 _arus
102 _aRU
105 _ay z |||||
200 1 _aКнига для чтения по медицине
_eДля студентов иностранцев
_eУчеб. пособие
_fОбщая ред. Р.В. Григоренко
210 _aМосква
_cМедгиз
_d1963
215 _a304 с.
_d21
300 _aПеред загл. авт.: Р.В. Григоренко, В.Г. Кошаева, Э.Г. Шавердьян
606 _aРусский язык
_jХрестоматии для нерусских
_2psbo
606 _aМедицина
_jХрестоматии
_2psbo
700 1 _aГригоренко
_bР.В.
_gРемир Владимирович
_4340
701 1 _aШавердьян
_bЭ.Г.
_gЭльвина Георгиевна
701 1 _aКошаева
_bВ.Г.
_gВера Георгиевна
801 0 _aRU
_bNLR
_gpsbo
801 1 _aRU
_bELAR
_2rusmarc
852 _aNLR
_j63-3/2608
942 _cBOOK
980 _aNB